[Event "21. Torneo de Moratalaz 2008"]
[Site "Madrid ESP"]
[Date "2008.09.28"]
[Round "9.1"]
[White "Mekhitarian, Krikor Sevag"]
[Black "Fier, Alexandr"]
[Result "1-0"]
[WhiteElo "2504"]
[BlackElo "2558"]
[PlyCount "87"]
[EventDate "2008.09.20"]
[EventType "swiss"]
[EventRounds "9"]
[EventCountry "ESP"]
[Source "lmi"]
[SourceDate "2008.09.20"]

1. e4 c5 2. Nf3 e6 3. d4 cxd4 4. Nxd4 Nc6 5. Nc3 d6 6. Be3 Nf6 7. f4 Be7 8. Qf3
e5 9. Nxc6 bxc6 10. f5 Qa5 11. O-O-O O-O 12. Bc4 Bb7 13. g4 d5 14. g5 dxc4 15.
gxf6 Bxf6 16. Rd6 Rfd8 17. Rxf6 gxf6 18. Qf2 Kf8 19. Bc5+ Ke8 20. Rg1 Rd4 21.
Bxd4 exd4 22. Qxd4 Ke7 23. Rd1 Rd8 24. Qxd8+ Qxd8 25. Rxd8 Kxd8 26. Kd2 Ke7 27.
Ke3 c5 28. Kf4 Bc6 29. Nd1 Ba4 30. Ne3 c3 31. Nd5+ Kd6 32. b3 Bc6 33. Nxc3 a5
34. Nb1 c4 35. Nd2 cxb3 36. axb3 Kc5 37. c3 Bb5 38. e5 Bd3 39. b4+ axb4 40.
cxb4+ Kxb4 41. e6 fxe6 42. fxe6 Bg6 43. Ne4 f5 44. Nf6 1-0

[Event "21. Torneo de Moratalaz 2008"]
[Site "Madrid ESP"]
[Date "2008.09.28"]
[Round "9.2"]
[White "Di Berardino, Diego Rafael"]
[Black "Almagro Llamas, Pablo"]
[Result "1/2-1/2"]
[WhiteElo "2471"]
[BlackElo "2492"]
[PlyCount "149"]
[EventDate "2008.09.20"]
[EventType "swiss"]
[EventRounds "9"]
[EventCountry "ESP"]
[Source "lmi"]
[SourceDate "2008.09.20"]

1. e4 c6 2. d4 d5 3. exd5 cxd5 4. c4 Nf6 5. Nc3 e6 6. Nf3 Bb4 7. cxd5 Nxd5 8.
Qc2 Nc6 9. Be2 O-O 10. O-O Be7 11. Rd1 Bd7 12. Qe4 Ncb4 13. Ne5 Rc8 14. Bd2 f5
15. Qf3 Be8 16. Rac1 Bf6 17. Be1 Bxe5 18. dxe5 Bc6 19. a3 Qg5 20. Nxd5 Bxd5 21.
Rxc8 Rxc8 22. Qg3 Qxg3 23. hxg3 Nc6 24. Bc3 Kf7 25. g4 Rd8 26. f4 g6 27. Kf2
fxg4 28. Bxg4 h5 29. Be2 Ne7 30. Rh1 Nf5 31. Rh3 Kg7 32. Bd3 Rf8 33. Bb4 Rc8
34. Bc3 Rf8 35. Bb4 Rc8 36. Bxf5 exf5 37. Rd3 Rc2+ 38. Ke3 Be6 39. Rd6 Kf7 40.
Rd8 Rc8 41. Rd2 Ke8 42. Rd6 Rc6 43. Rxc6 bxc6 44. g3 Kd7 45. Kd4 Bd5 46. Kc5
Be4 47. Ba5 Bf3 48. Bc3 Be4 49. Bd4 Ke6 50. Kb4 a6 51. Kc5 Kd7 52. Kb6 Bd3 53.
e6+ Kxe6 54. Kxc6 Bb5+ 55. Kc5 Kd7 56. Bf6 Kc7 57. Bh4 Be2 58. Kd5 Kb6 59. Kd4
Kc6 60. Be7 Kb7 61. Kc5 Bf3 62. b4 Be2 63. Bd8 Bf3 64. Kd6 Be2 65. Kc5 Bf3 66.
b5 axb5 67. Kxb5 Be2+ 68. Kc5 Bf3 69. a4 Be2 70. a5 Bf3 71. Kd6 Be2 72. Ke6 Bf3
73. Kf6 Bg4 74. Kxg6 Ka8 75. Bb6 1/2-1/2

[Event "21. Torneo de Moratalaz 2008"]
[Site "Madrid ESP"]
[Date "2008.09.28"]
[Round "9.3"]
[White "Diamant, Andre"]
[Black "Gonzalez Somoza, Oliver"]
[Result "1-0"]
[WhiteElo "2393"]
[BlackElo "2357"]
[PlyCount "55"]
[EventDate "2008.09.20"]
[EventType "swiss"]
[EventRounds "9"]
[EventCountry "ESP"]
[Source "lmi"]
[SourceDate "2008.09.20"]

1. e4 c5 2. Nf3 e6 3. d4 cxd4 4. Nxd4 Nc6 5. Nc3 a6 6. Be2 Qc7 7. O-O Nf6 8.
Be3 Bb4 9. Na4 O-O 10. c4 Bd6 11. g3 Nxe4 12. Bf3 f5 13. c5 Nxd4 14. Bxd4 Be7
15. Rc1 d5 16. cxd6 Qxd6 17. Nb6 Rb8 18. Nc4 Qd8 19. Be5 Ra8 20. Bxe4 fxe4 21.
Qg4 Bf6 22. Rfd1 Qe8 23. Bxf6 Rxf6 24. Nb6 Rb8 25. Rc7 Rg6 26. Qh4 Rf6 27. Qg5
Rg6 28. Rd8 1-0

[Event "21. Torneo de Moratalaz 2008"]
[Site "Madrid ESP"]
[Date "2008.09.28"]
[Round "9.12"]
[White "Elissalt Cardenas, Hector"]
[Black "Mansilla Tolosa, Luis"]
[Result "1-0"]
[WhiteElo "2314"]
[BlackElo "2016"]
[PlyCount "47"]
[EventDate "2008.09.20"]
[EventType "swiss"]
[EventRounds "9"]
[EventCountry "ESP"]
[Source "lmi"]
[SourceDate "2008.09.20"]

1. d4 Nf6 2. Nf3 e6 3. e3 d5 4. Bd3 Be7 5. Nbd2 O-O 6. b3 b6 7. Bb2 Nbd7 8. Ne5
Bb7 9. Qf3 Ne8 10. e4 Nxe5 11. dxe5 Bg5 12. Rd1 Qe7 13. exd5 exd5 14. O-O g6
15. Qg3 Ng7 16. f4 Bh4 17. Qe3 Qd7 18. f5 Be7 19. Qh6 Bc5+ 20. Kh1 gxf5 21.
Qxg7+ Kxg7 22. e6+ d4 23. exd7 Rg8 24. Bxf5 1-0